Мощные газовые лазеры: учебное пособие

Бібліографічні деталі
Автор: Лосев В. Ф. Валерий Федорович
Співавтор: Национальный исследовательский Томский политехнический университет (ТПУ)
Резюме:Заглавие с титульного экрана
Электронная версия печатной публикации
В учебном пособии изложены основы взаимодействия оптического излучения с веществом, рассматриваются принципы работы мощных газовых лазеров, основные физические процессы в лазерных активных средах, свойства лазерного излучения и методы управления им, способы создания активных сред, методы формирования мощных лазерных импульсов с высоким качеством излучения. Разработано в рамках реализации Инновационной образовательной программы ТПУ по направлению "Энергосберегающие, базовые, специальные и промышленные электроразрядные, радиационные и плазменно-пучковые технологии" и предназначено для студентов физико-технических специальностей.
Режим доступа: из корпоративной сети ТПУ
Мова:Російська
Опубліковано: Томск, Изд-во ТПУ, 2009
Предмети:
Онлайн доступ:http://www.lib.tpu.ru/fulltext2/m/2012/m131.pdf
Формат: MixedMaterials Електронний ресурс Книга
KOHA link:https://koha.lib.tpu.ru/cgi-bin/koha/opac-detail.pl?biblionumber=212407

MARC

LEADER 00000nlm0a2200000 4500
001 212407
005 20231101225745.0
035 |a (RuTPU)RU\TPU\book\232059 
090 |a 212407 
100 |a 20120327d2009 m y0rusy50 ca 
101 0 |a rus 
102 |a RU 
105 |a a j 001zy 
135 |a drnn ---uucaa 
181 0 |a i  
182 0 |a b 
200 1 |a Мощные газовые лазеры  |e учебное пособие  |b Электронный ресурс  |f В. Ф. Лосев  |g Национальный исследовательский Томский политехнический университет (ТПУ) 
203 |a Текст  |c электронный 
210 |a Томск  |c Изд-во ТПУ  |d 2009 
230 |a 1 компьютерный файл (pdf; 2.06 MB) 
300 |a Заглавие с титульного экрана 
300 |a Электронная версия печатной публикации 
330 |a В учебном пособии изложены основы взаимодействия оптического излучения с веществом, рассматриваются принципы работы мощных газовых лазеров, основные физические процессы в лазерных активных средах, свойства лазерного излучения и методы управления им, способы создания активных сред, методы формирования мощных лазерных импульсов с высоким качеством излучения. Разработано в рамках реализации Инновационной образовательной программы ТПУ по направлению "Энергосберегающие, базовые, специальные и промышленные электроразрядные, радиационные и плазменно-пучковые технологии" и предназначено для студентов физико-технических специальностей. 
333 |a Режим доступа: из корпоративной сети ТПУ 
337 |a Adobe Reader 
452 1 |0 (RuTPU)RU\TPU\book\175681  |t Мощные газовые лазеры  |o учебное пособие  |f В. Ф. Лосев  |g Томский политехнический университет (ТПУ)  |c Томск  |n Изд-во ТПУ  |d 2009  |p 110 с.  |a Лосев, Валерий Федорович 
606 1 |a Лазеры газовые  |2 stltpush  |3 (RuTPU)RU\TPU\subj\39823  |9 59728 
610 1 |a оптическое излучение 
610 1 |a вещество 
610 1 |a взаимодействие 
610 1 |a лазерное излучение 
610 1 |a активная среда 
610 1 |a резонаторы 
610 1 |a эксимерные лазеры 
610 1 |a азотные лазеры 
610 1 |a электроразрядные лазеры 
610 1 |a учебные пособия 
610 1 |a труды учёных ТПУ 
610 1 |a электронный ресурс 
675 |a 621.373.826.038.823(075.8)  |v 3 
700 1 |a Лосев  |b В. Ф.  |c специалист в области автоматики и электроники  |c профессор Томского политехнического университета, доктор технических наук  |f 1950-  |g Валерий Федорович  |2 stltpush  |3 (RuTPU)RU\TPU\pers\29388 
712 0 2 |a Национальный исследовательский Томский политехнический университет (ТПУ)  |c (2009- )  |2 stltpush  |3 (RuTPU)RU\TPU\col\15902 
801 1 |a RU  |b 63413507  |c 20090617  |g PSBO 
801 2 |a RU  |b 63413507  |c 20120614  |g PSBO 
856 4 |u http://www.lib.tpu.ru/fulltext2/m/2012/m131.pdf 
942 |c CF